| 000 | 00340nam a22001337a 4500 | ||
|---|---|---|---|
| 999 |
_c528085 _d528085 |
||
| 003 | NUST | ||
| 038 | _aM.Ramzan | ||
| 082 |
_a388.4 _bKIR |
||
| 100 |
_aKirby, Ronald F. _919630 |
||
| 245 |
_apara-Transit neglecting option for../ _cRonald F. Kirby |
||
| 260 |
_awashington _bthe Urban institute |
||
| 300 |
_a319 p, : _c25cm |
||
| 942 |
_2ddc _cBK |
||